Daily U.S. State Riddle #9 - Statistics

General Stats
  • This quiz has been taken 121 times
  • The average score is 29 of 34
Answer Stats
Type Answer % Correct
Alphabet Letter A
99%
Alphabet Letter E
99%
Found Letter O
99%
Found Letter I
98%
Alphabet Letter R
98%
Found Letter N
97%
Found Letter G
96%
Alphabet Letter L
95%
Alphabet Letter S
94%
Found Letter M
93%
Alphabet Letter D
92%
Alphabet Letter T
92%
Alphabet Letter H
90%
Correctly Placed Letter O
90%
Alphabet Letter C
89%
Alphabet Letter K
89%
Correctly Placed Letter N
86%
Found Letter W
86%
Alphabet Letter F
85%
Alphabet Letter U
85%
Alphabet Letter V
84%
Alphabet Letter B
83%
Found Letter Y
83%
Correctly Placed Letter I
82%
Alphabet Letter X
81%
Alphabet Letter Z
81%
Alphabet Letter P
78%
Correctly Placed Letter M
76%
Alphabet Letter J
73%
Correctly Placed Letter G
71%
Alphabet Letter Q
71%
Correctly Placed Letter W
71%
Mystery U.S. State Wyoming
71%
Correctly Placed Letter Y
71%
No matching quizzes found
Score Distribution
Percent of People with Each Score
Percentile by Number Answered
Your Score History
You have not taken this quiz